000 01208nam a22002657a 4500
005 20170124103115.0
010 _aB-117840
020 _c300.00
035 _aB-117840
037 _bCen Lib/Ret
040 _aDPL
_bHN
082 _a420
_bपाण्डेय
100 _aपाण्डेय, कैलाश नाथ
_980571
245 _aहिंदी :
_c कैलाश नाथ पाण्डेय
_bकुछ नयी चुनोतियाँ /
246 _aHindi : kuch nayi chunotiyan /
_bby Kailash Nath Pandey
260 _aइलाहाबाद
_bलोकभारती प्रकाशन
_c2004
270 _bइलाहाबाद
_a१५-ए, महात्मा गाँधी मार्ग
_e1
300 _a377पृ.
_c20सेमी(सजिल्द )
500 _aग्रन्थ सूची शामिल
650 _aहिन्दी--भाषा
_x
_z
_980572
650 _aहिन्दी--भाषा-- पत्र पत्रिकाएं
_980573
650 _aHindi--language
_99446
650 _aHindi-- language--Letter Journals
_980574
942 _2ddc
_cHN
_h420
_mपाण्डेय
999 _c118506
_d118506